• 首页
  • 本馆介绍
  • 公告通知
  • 最新文献
  • 馆藏检索
  • 电子资源
  • 读者导购
  • 参考咨询
  • 我的图书馆
  • 登录
  • 详细信息显示
  • 放入我的书架
  • 预约/预借图书
  • 作者相关作品
  • 分类相关作品
  • 丛书相关作品
  • 出版社相关作品

书目信息

  • 表格格式
  • 工作单格式
  • 卡片格式
题名:
中国经典旋律萨克斯管独奏曲集
    
 
作者: 李满龙 编著
分册:  
出版信息: 北京   现代出版社  2019.6
页数: 95页
开本: 31cm
丛书名:
单 册:
中图分类: J647.12
科图分类:
主题词: 萨克管--独奏曲--中国--选集
电子资源:
ISBN: 978-7-5143-7934-1
000 01249nam0 2200289 45
001 012001000834
005 20130909164608.0
010    @a978-7-5143-7934-1@b1@dCNY68.00
099    @aCAL 012019155164
100    @a20190916g20199999em y0chiy0110 ea
101 0  @achi
102    @aCN@b110000
105    @ag z 000yy
106    @ar
200 1  @a中国经典旋律萨克斯管独奏曲集@Azhong guo jing dian xuan lu^ sa ke si guan du zou qu ji@f李满龙编著
210    @a北京@c现代出版社@d2019.6
215    @a95页@c乐谱@d31cm@e分谱1册 (30页)
300    @a封面题名:中国经典旋律萨克斯管独奏曲集
314    @a李满龙, 男, 中国音乐学院管弦系萨克斯管教授。毕业于中央音乐学院管弦系, 先后师从于我国著名单簧管教育家张梧、陶纯孝教授。主要出版作品有《萨克斯管入门与提高》、《中国旋律》等。
327 1  @a(一)钢琴伴奏谱及分谱
330    @a这套《中国经典旋律萨克斯管独奏曲选》, 取材丰富、体裁精巧, 除了有传统民歌改编的作品, 更有民族器乐曲改编的作品以及西洋小提琴演奏的中国名曲及新创作作品。曲集附作者演奏的音响, 以使读者对作品有更深的理解。
512 1  @a中国经典旋律萨克斯管独奏曲集
606 0  @a萨克管@x独奏曲@y中国@j选集
690    @aJ647.12@v5
701  0 @a李满龙@Ali man long@4编著
801    @aCN@b江苏凤凰@c20211018
905    @b1341218-21@dJ647.12@e254@f4
    
    中国经典旋律萨克斯管独奏曲集/李满龙编著.-北京:现代出版社,2019.6
    95页:乐谱;31cm+分谱1册 (30页)
    封面题名:中国经典旋律萨克斯管独奏曲集
    部分内容:(一)钢琴伴奏谱及分谱
    ISBN 978-7-5143-7934-1(1):CNY68.00
    这套《中国经典旋律萨克斯管独奏曲选》, 取材丰富、体裁精巧, 除了有传统民歌改编的作品, 更有民族器乐曲改编的作品以及西洋小提琴演奏的中国名曲及新创作作品。曲集附作者演奏的音响, 以使读者对作品有更深的理解。
●
相关链接 在E读中查询图书 在五车中查询图书 在当当中查询图书 在豆瓣中查询图书


正题名:中国经典旋律萨克斯管独奏曲集     索取号:J647.12/254         预约/预借

序号 登录号 条形码 馆藏地/架位号 状态 备注
1 1341218   213412181   第一样本阅览室/ [索取号:J647.12/254] 在馆    
2 1341219   213412190   第一借阅区/ [索取号:J647.12/254] 在馆    
3 1341220   213412207   第一借阅区/ [索取号:J647.12/254] 在馆    
4 1341221   213412216   第一借阅区/ [索取号:J647.12/254] 在馆    
唐山师范学院图书馆 欢迎您!
大连网信软件有限公司© 版权所有